000 00312nam a2200133Ia 4500
008 220613s9999||||xx |||||||||||||| ||und||
100 _aDigambarji Swami & Gharote M L
245 0 _aGheranda Sanhita
250 _a3rd(2014)
260 _bKaivalyadhama Lonavia
300 _a232
650 _aYoga
942 _cGB
999 _c11148
_d11148